| 000 | 00596nam a2200217Ia 4500 | ||
|---|---|---|---|
| 003 | OSt | ||
| 005 | 20230329103519.0 | ||
| 008 | 210423s2016 xx 000 0 und d | ||
| 020 | _a978-1-107-53617-3 | ||
| 040 | _cAL | ||
| 041 | _aeng | ||
| 082 |
_a363.7 _223 _bBASF |
||
| 100 |
_aBASU (Mahua);XAVIER (S) _979427 |
||
| 245 | _aFundamentals of environmental studies | ||
| 260 |
_aDelhi _bCambridge University Press _c2016 |
||
| 300 |
_axiv,450 _bPB |
||
| 365 |
_b350 _cINR |
||
| 650 |
_aEnvironmental Problems _979428 |
||
| 906 | _aenvironmental ; Fundamentals ; studies | ||
| 942 |
_2ddc _cBK |
||
| 999 |
_c168829 _d168829 |
||